000
00316nam a22001457a 4500
008
210609b ||||| |||| 00| 0 eng d
020
_a
0387070648
041
_a
eng
080
_a
61
082
_a
61
100
_a
3
101
_a
SHM
245
_a
Manual of Endocrine Surgery
_c
Anthony J. Edis
942
_2
udc
_c
BK
999
_c
58112
_d
58112